000
00284nam a2200109Ia 4500
008
220204s9999 xx 000 0 und d
082
_a
82-3
_b
HAR
245
0
_a
John Creasey's crime collection 1977
260
_a
London
_b
Victor Gollancz
_c
1977
700
_a
Harris, Herbert
942
_c
BK
999
_c
27996
_d
27996